Score 0/25 Timer 07:00
4 Plays Today
Number(Year) Character % Correct
1
(1989-)
Marge (Bouvier) Simpson
97.8%
4
(1983-1987)
Bosco 'B.A.' Baracus
90.1%
2
(1993-2009)
Conan O'Brien
85.4%
3
(1951-1957)
Lucy (McGillicuddy) Ricardo
82.2%
10
(1993-1997)
Beavis and Butt-Head
78.2%
5
(1994-2004)
Rachel Green
74.4%
7
(2006-)
Hannah Montana
73.6%
14
(1986-1991)
Pee-wee Herman
68%
6
(1987-1995)
Jesse Katsopolis
62.1%
22
(1996-2004)
Arnold
60.4%
8
(1996-)
Jon Stewart
58.2%
20
(2005-)
Jim Halpert
50.3%
18
(2006-)
Guy Fieri
49.8%
Number(Year) Character % Correct
25
(2009-)
Nicole 'Snooki' Polizzi
49.6%
19
(1998-2001)
Eliza Thornberry
39.1%
15
(1990-1998)
Elaine Benes
38.9%
11
(1964-1972)
Samantha Stephens
33.9%
17
(1993-2002)
Special Agent Dana Scully
32.5%
13
(1999-)
Turanga Leela
31.3%
23
(1986-)
Oprah Gail Winfrey
28.8%
24
(1982-1986)
Michael Knight
24.6%
12
(1975-1979)
Mr. Gabe Kotter
23.5%
16
(1986-1989)
Son Gokû
21.8%
21
(1970-1977)
Mary Richards
21.2%
9
(1964-1967)
Ginger Grant
12.1%
Remove Ads.
Support Sporcle.
Get the best of Sporcle when you Go Orange. This ad-free experience offers more features, more stats, and more fun while also helping to support Sporcle. Thank you for becoming a member.

You're not logged in!

Compare scores with friends on all Sporcle quizzes.
OR
Log In

Show Comments

Extras

Top Quizzes Today


Score Distribution

Your Account Isn't Verified!

In order to create a playlist on Sporcle, you need to verify the email address you used during registration. Go to your Sporcle Settings to finish the process.

Report this User

Report this user for behavior that violates our Community Guidelines.

Details: